<?xml version="1.0" encoding="UTF-8"?>
<marc:record xmlns:marc="http://www.loc.gov/MARC21/slim">
   <marc:leader>00000nam a2200000 a 4500</marc:leader>
   <marc:datafield ind1="1" ind2=" " tag="100">
      <marc:subfield code="a">Mantel, Hilary</marc:subfield>
      <marc:subfield code="4">aut</marc:subfield>
      <marc:subfield code="e">Verfasser/-in</marc:subfield>
   </marc:datafield>
   <marc:datafield ind1=" " ind2=" " tag="653">
      <marc:subfield code="a">Englische AutorInnen</marc:subfield>
   </marc:datafield>
   <marc:datafield ind1="0" ind2="0" tag="245">
      <marc:subfield code="a">Falken</marc:subfield>
   </marc:datafield>
   <marc:datafield ind1="0" ind2="0" tag="245">
      <marc:subfield code="b">Roman</marc:subfield>
   </marc:datafield>
   <marc:datafield ind1="0" ind2="0" tag="245">
      <marc:subfield code="c">Mantel, Hilary</marc:subfield>
   </marc:datafield>
   <marc:datafield ind1=" " ind2="1" tag="264">
      <marc:subfield code="a">Köln</marc:subfield>
      <marc:subfield code="b">DuMont Buchverlag</marc:subfield>
      <marc:subfield code="c">2013</marc:subfield>
   </marc:datafield>
   <marc:datafield ind1="1" ind2=" " tag="520">
      <marc:subfield code="a">»Sieh meinen Sohn Thomas böse an, und er sticht dir ein Auge aus. Stell ihm ein Bein, und er schneidet es dir ab«, sagt sein Vater über den jungen Cromwell. 35 Jahre später hat Thomas Cromwell die bescheidenen Verhältnisse des Elternhauses hinter sich gelassen. Sein Aufstieg am Hofe von Henry VIII verläuft parallel mit dem von Anne Boleyn, Henrys zweiter Frau, deretwegen dieser mit Rom gebrochen und eine eigene Kirche gegründet hat. Doch Henrys Verhalten hat England ins Abseits manövriert, und Anne konnte ihm keinen Thronfolger gebären. In Wolf Hall verliebt sich der König in die stille Jane Seymour. Cromwell begreift, was auf dem Spiel steht: das Wohl der gesamten Nation. Im Versuch, die erotischen Fallstricke und das Gespinst der Intrigen zu entwirren, muss er eine »Wahrheit« ans Licht bringen, die Henry befriedigen und seine eigene Karriere sichern wird. Doch weder Minister noch König gehen unbeschadet aus dem blutigen Drama um Annes letzte Tage hervor. 'Falken' ist die kühne Vision einer Tudor-Gesellschaft, deren Schatten bis in unsere Zeit reicht. Und es ist das Werk einer großen Autorin auf der Höhe ihres Könnens.</marc:subfield>
   </marc:datafield>
   <marc:datafield ind1=" " ind2=" " tag="020">
      <marc:subfield code="a">9783832196981</marc:subfield>
      <marc:subfield code="9">9783832196981</marc:subfield>
   </marc:datafield>
   <marc:datafield ind1=" " ind2=" " tag="020">
      <marc:subfield code="a">3832196986</marc:subfield>
      <marc:subfield code="9">3832196986</marc:subfield>
   </marc:datafield>
   <marc:datafield ind1=" " ind2=" " tag="041">
      <marc:subfield code="a">ger</marc:subfield>
   </marc:datafield>
   <marc:datafield ind1=" " ind2=" " tag="338">
      <marc:subfield code="a">Band</marc:subfield>
   </marc:datafield>
   <marc:datafield ind1=" " ind2=" " tag="300">
      <marc:subfield code="a">480 S.</marc:subfield>
   </marc:datafield>
</marc:record>
